000 00652nam a22001817a 4500
005 20251108165207.0
008 250721s1990 xx 000 0 ara d
082 1 4 _a956/عبق
100 1 _aمحفوظ، عبد الكريم
_eترجمة
245 1 0 _aعبقرية الحضارة العربية :
_bمنبع النهضة الأوروبية /
264 1 _aطرابلس (ليبيا) :
_bالدار الجماهيرية للنشر و التوزيع و الإعلان،
_c1990.
300 _a380ص
650 1 7 _aتاريخ العرب
650 1 7 _aالحضارة الإسلامية
650 1 7 _aالتراجم
942 _2ddc
_cBK
999 _c21771
_d21771